000 00696nam a2200301Ia 4500
005 20260401122453.0
008 008 250103s9999 xx 000 0 eng d
020 _a9781107666597
037 _aTB
040 _aEDL
040 _beng
040 _cEDL
041 _2eng
041 _aeng
084 _a823.8COL
084 _qEDL
100 _aColeman, Dermot
_91233725
245 0 _aGeorge Eliot and money : Economics, ethics and literature
245 0 _cColeman, Dermot
260 _aCambridge
260 _bCambridge University Press
260 _c2014
300 _a226p
942 _cTB
942 _h823.8COL
999 _c1847495
_d1847495